Odgadnij piosenkę Zeamsone po emotkach - Statystyki

Ogólne statystyki
  • Ten quiz został rozwiązany 22 razy
  • Średni wynik to 9 z 16
Statystyki odpowiedzi
Emotki Piosenka % Poprawnych
5️⃣👩📱 5 INFLUENCEREK
94%
🏠 DOM
72%
1️⃣🌙 Jedna noc
72%
❄️ Śnieg
72%
😇⬆️🌋 Anioły nad wulkanem
61%
🎁 Prezent
61%
🌊 Tsunami
61%
🚇 Metro
56%
✈️✈️ Samoloty
56%
🌹🌹🌹 Róże
50%
❌😇 To nie anioł
50%
👩👩👩👩 4 kobiety
44%
🏆 Trofeum
44%
🔵🩸 Błękitna Krew
39%
🛹 Deski
33%
🏃🏻⚽🏆 SPORT
22%
Nie znaleziono quizów pasujących do podanych kryteriów
Rozkład punktacji
Procent ludzi z każdym wynikiem
Percentyl według liczby udzielonych odpowiedzi
Twoja historia wyników
Nie rozwiązałeś tego quizu